000
00281nam a2200121Ia 4500
008
220120s9999||||xx |||||||||||||| ||und||
020
_a
9789810833428
082
_a
621.381 GOD
100
_a
Godse, A.P
_9
1195
245
0
_a
Electronic circuits
260
_b
Singapore
300
_b
0
999
_c
136518
_d
136518